Public health engineering (Record no. 105828)

MARC details
000 -LEADER
fixed length control field 01186cam a2200277 4500
001 - CONTROL NUMBER
control field ##L134880
008 - FIXED-LENGTH DATA ELEMENTS--GENERAL INFORMATION
fixed length control field 060907n2004 000 0 eng u
020 ## - INTERNATIONAL STANDARD BOOK NUMBER
International Standard Book Number 1903287421
035 ## - SYSTEM CONTROL NUMBER
System control number (Sirsi) u134880
041 0# - LANGUAGE CODE
Language code of text/sound track or separate title eng
050 04 - LIBRARY OF CONGRESS CALL NUMBER
Classification number 697 $2 18
110 2# - MAIN ENTRY--CORPORATE NAME
Corporate name or jurisdiction name as entry element Chartered Institution of Building Services Engineers
9 (RLIN) 2360
245 00 - TITLE STATEMENT
Title Public health engineering
Remainder of title CIBSE guide G
250 ## - EDITION STATEMENT
Edition statement 2nd ed.
260 ## - PUBLICATION, DISTRIBUTION, ETC.
Place of publication, distribution, etc. London
Name of publisher, distributor, etc. CIBSE
Date of publication, distribution, etc. 2004
300 ## - PHYSICAL DESCRIPTION
Extent 1v.
Other physical details ill.
Dimensions 30cm
350 ## - PRICE (NR) (BK AM CF MU VM SE) [OBSOLETE]
Price 88
490 #0 - SERIES STATEMENT
Series statement CIBSE Guide
Volume/sequential designation G
505 2# - FORMATTED CONTENTS NOTE
Formatted contents note Introduction and scope -- water services and utilities -- Sanitary accommodation, pipework and drainage -- Waste management systems -- Corrosion and corrosion protection -- Water treatment -- Swimming pools -- Water features and fountains -- Irrigation -- External drainage, local storage and treatment of waste water -- Miscellaneous piped services -- Glossary of terms
520 ## - SUMMARY, ETC.
Summary, etc. Aimed at architects, designers and authorities involved in dealing with public health engineering design and practice.
590 ## - LOCAL NOTE (RLIN)
Local note IKA171006
651 #4 - SUBJECT ADDED ENTRY--GEOGRAPHIC NAME
Geographic name United Kingdom
Chronological subdivision
690 ## - LOCAL SUBJECT ADDED ENTRY--TOPICAL TERM (OCLC, RLIN)
Topical term or geographic name as entry element Block management
9 (RLIN) 6220
700 1# - ADDED ENTRY--PERSONAL NAME
Personal name Butcher, Ken
Relator term Editor
942 ## - ADDED ENTRY ELEMENTS (KOHA)
Suppress in OPAC 0
Holdings
Withdrawn status Lost status Source of classification or shelving scheme Damaged status Not for loan Home library Current library Shelving location Date acquired Cost, normal purchase price Total Checkouts Full call number Barcode Date last seen Copy number Cost, replacement price Price effective from Koha item type
    Dewey Decimal Classification     London London Folio 02/10/2006 88.00   F697 CHA 30073311 06/08/2019 1 88.00 06/08/2019 Book